00601nam a22001457a 4500020001500000040000800015082002700023100002300050245004900073260010500122300005100227942001000278999001700288952015000305 a2914610289 cDLC a 334 SON 2007 C283 Or. aSouleymane Soulama aMicro-finance, pauvreté et développement bÉditions des archives contemporaines : Agence universitaire de la francophonie, Paris, impr.c2007 a1 vol. (165 p.) : btableaux, graph. ; c24 cm cAEDBB c22450d22450 0010406334_000000000000000_SON_2007_C283_OR70996823aLBCbLBCcC283d2023-12-29o334 SON 2007 C283 Or.pa07113r2023-12-29w2023-12-29yAEDBB